000
00298nam a2200121Ia 4500
008
220216s9999 xx 000 0 und d
100
_a
Tan Ah Seng Modh Ali
245
0
_a
Preparation of free-flowing NR crumbs
260
_b
Planter
_c
1981
300
_a
356-360
650
_a
NR crumbs
942
_c
JS
999
_c
65595
_d
65595